| 000 | 00954nam0a22002651 4500 | ||
|---|---|---|---|
| 001 | rc\4023368 | ||
| 005 | 20130415131920.3 | ||
| 021 |
_aRU _b[53-39590] |
||
| 035 | _a(NLR Aleph) 007950326 | ||
| 090 |
_a8334834 _c8334834 |
||
| 100 | _a20130415d1953 |||y0rusy50 ca | ||
| 101 | 0 | _arus | |
| 102 | _aRU | ||
| 105 | _aa b ||||| | ||
| 200 | 1 |
_aКаталог работ ученого препаратора Я.П. Коксина _f[Вступ. статья Э.В. Кудряшевой] _gГос. музей ТАССР |
|
| 210 |
_aКазань _cБ. и. _d1953 |
||
| 215 |
_a9 с., 8 л. ил. _d14 |
||
| 702 | 1 |
_aКоксин _bЯ. П. _gЯков Петрович _4570 |
|
| 702 | 1 |
_aКудряшова _bЭ. В. _4570 |
|
| 710 | 0 | 2 |
_aГосударственный музей Татарской АССР _cКазань _3RU\NLR\AUTH\887463 |
| 801 | 0 |
_aRU _bNLR _gpsbo |
|
| 801 | 1 |
_aRU _bELAR _2rusmarc |
|
| 852 |
_aNLR _jЗ02 Г-2/26 |
||
| 942 | _cBOOK | ||
| 980 | _aNB | ||